| Tag |
First Indicator |
Second Indicator |
Subfields |
| LEADER |
00000cam a2200000 i 4500 |
| 001 |
in00004785196 |
| 003 |
OCoLC |
| 005 |
20240410202404.4 |
| 008 |
230113s2023 enk b 001 0 eng |
| 010 |
|
|
|a 2022060427
|
| 040 |
|
|
|a DLC
|e rda
|c DLC
|
| 020 |
|
|
|a 9781032232645
|q (hardback)
|
| 020 |
|
|
|a 1032232641
|
| 020 |
|
|
|a 9781032232652
|q (paperback)
|
| 020 |
|
|
|a 103223265X
|
| 020 |
|
|
|z 9781003276500
|q (ebook)
|
| 035 |
|
|
|a (OCoLC)1376789036
|
| 050 |
0 |
0 |
|a PE1112
|b .H53 2023
|
| 082 |
0 |
0 |
|a 428.2
|2 23/eng/20230420
|
| 100 |
1 |
|
|a Hicks, Wynford,
|d 1942-
|e author.
|
| 245 |
1 |
0 |
|a English for journalists /
|c Wynford Hicks with Gavin Allen.
|
| 250 |
|
|
|a Thirtieth anniversary edition.
|
| 250 |
|
|
|a Fifth edition.
|
| 264 |
|
1 |
|a London ;
|a New York :
|b Routledge,
|c 2023.
|
| 300 |
|
|
|a 207 pages ;
|c 25 cm.
|
| 336 |
|
|
|a text
|b txt
|2 rdacontent
|
| 337 |
|
|
|a unmediated
|b n
|2 rdamedia
|
| 338 |
|
|
|a volume
|b nc
|2 rdacarrier
|
| 490 |
1 |
|
|a Media skills
|
| 504 |
|
|
|a Includes bibliographical references (pages [199]-200) and index.
|
| 520 |
|
|
|a English for Journalists has established itself as an invaluable guide to the basics of English in newsrooms the world over, focusing on the essential aspects of writing, from reporting speech to the house styles and jargon central to the language of journalism. Written in a highly accessible and engaging style, English for Journalists covers the fundamentals of grammar, spelling, punctuation and journalistic writing, with all points illustrated through a series of concise and illuminating examples. The book features practical, easy to follow rules, the correct and incorrect ways to report stories and examples of common mistakes and problem words in journalistic writing. This thirtieth anniversary edition adds a new introduction to the work from author Wynford Hicks, as well as a revised first chapter on the state of English today. A brand-new chapter on writing for social media by Gavin Allen has also been included, along with an updated glossary and references, to bring the text up to date. This is an essential guide to written English for all practicing journalists and students of journalism today.
|
| 650 |
|
0 |
|a English language
|x Grammar
|v Handbooks, manuals, etc.
|
| 650 |
|
0 |
|a Journalism
|v Style manuals.
|
| 700 |
1 |
|
|a Allen, Gavin L.,
|e author.
|
| 830 |
|
0 |
|a Media skills.
|
| 945 |
|
|
|b 19126
|
| 947 |
|
|
|a A14852519355
|
| 948 |
|
|
|a dmitchel 4/10/24 3.20.10
|
| 980 |
|
|
|b print
|c 40032173154
|f NONFIC/B
|g 565714
|k USD
|m 136.00
|q 1
|s AcqMono Conventional
|t Approval plan
|u Vendor order reference number
|v ZYBP
|y Print approval
|z Physical resource
|
| 999 |
f |
f |
|i 28eebf9b-f632-401f-bcb1-40d956f38f94
|s a881833f-ac1c-4be4-b61b-e24698a80698
|t 0
|
| 952 |
f |
f |
|p normal
|a Texas A&M University
|b College Station
|c Sterling C. Evans Library
|d Evans: Library Stacks
|t 0
|e PE1112 .H53 2023
|h Library of Congress classification
|i unmediated -- volume
|m A14852519355
|
| 998 |
f |
f |
|a PE1112 .H53 2023
|t 0
|l Evans: Library Stacks
|